Holiday Quiz

Random Holiday or Carol Quiz

O Come All Ye Faithful Quiz Stats

 Plays Quiz not verified by Sporcle

Score 0/140 Timer 05:00
0 Plays Today
% Correct
and
99.6%
and
99.6%
the
99.6%
the
99.6%
the
99.6%
the
99.6%
the
99.6%
the
99.6%
Oh
98.7%
O
98.7%
O
98.7%
Oh
98.7%
O
98.7%
come
97.9%
ye
97.9%
faithful
97.9%
come
97.9%
ye
97.9%
come
97.9%
ye
97.9%
Come
97.9%
come
97.9%
come
97.9%
come
97.9%
come
97.9%
ye
97.9%
come
97.9%
oh
97.9%
come
97.9%
come
97.9%
come
97.9%
come
97.9%
come
97.9%
all
97.5%
all
97.5%
joyful
97%
oh
96.2%
oh
95.4%
oh
95.4%
oh
95.4%
oh
95.4%
oh
95.4%
oh
95.4%
oh
95.4%
oh
95.4%
triumphant
94.5%
to
94.5%
% Correct
to
94.5%
to
94.5%
him
92.8%
him
92.8%
him
92.8%
him
92.8%
him
92.8%
him
92.8%
him
92.8%
him
92.8%
him
92.8%
him
92.8%
him
92.8%
be
92%
of
90.3%
of
90.3%
of
90.3%
of
90.3%
adore
89.9%
adore
89.9%
adore
89.9%
adore
89.9%
adore
89.9%
adore
89.9%
adore
89.9%
adore
89.9%
adore
89.9%
adore
89.9%
Bethlehem
89%
king
89%
us
89%
us
89%
us
89%
us
89%
us
89%
us
89%
us
89%
us
89%
us
89%
us
89%
let
88.6%
let
88.6%
let
88.6%
let
88.6%
let
88.6%
let
88.6%
let
88.6%
% Correct
let
88.6%
let
88.6%
let
88.6%
angels
86.9%
angels
86.9%
Christ
86.5%
Lord
86.5%
Christ
86.5%
Lord
86.5%
Lord
86.5%
Christ
86.5%
Lord
86.5%
born
84.8%
born
84.8%
behold
81%
in
73.8%
in
73.8%
in
73.8%
sing
71.7%
sing
71.7%
sing
71.7%
choirs
65.4%
heaven
63.7%
above
62.4%
God
61.6%
citizens
59.1%
glory
57.4%
glory
57.4%
highest
57.4%
glory
57.4%
we
44.7%
this
43.9%
thee
42.6%
thee
42.6%
morning
42.2%
happy
40.5%
greet
39.2%
Father
38%
given
36.3%
Yea
35.4%
flesh
35%
Jesus
34.2%
now
33.8%
appearing
32.9%
Word
31.2%
exaltation
23.6%

You're not logged in!

Compare scores with friends on all Sporcle quizzes.
OR
Log In

Show Comments

Extras

Top Quizzes Today


Score Distribution

Your Account Isn't Verified!

In order to create a playlist on Sporcle, you need to verify the email address you used during registration. Go to your Sporcle Settings to finish the process.

Report this User

Report this user for behavior that violates our Community Guidelines.

Details: